000 00265nam a22001217a 4500
008 181022b xxu||||| |||| 00| 0 eng d
041 _aeng
080 _a574
100 _a9
101 _aMJE
245 _aEcology aND fIELD bIOLOGY
_cSmith.R
942 _2udc
_cBK
999 _c50501
_d50501